Word Flux Quiz Stats

Quiz Updated Aug 19, 2014

Also try: Homonyms
Challenge
Share
Tweet
Embed
Score 0/24 Timer 03:00
1 Play Today
Clue Word % Correct
Flower given on Valentine's DayRose
99.4%
Organ that pumps blood throughout the bodyHeart
70.1%
To perceive soundsHear
68.8%
Area in a town designed for recreationPark
68.2%
To cut wool off of a sheepShear
67.4%
Small, fiery particle thrown off from a fireSpark
64.7%
Your rear end, in BritainArse
63.4%
Weapon with a large shaft and a pointed tipSpear
61.9%
Average score on various holes in golfPars
59.2%
A fighting boutSpar
58.8%
Badly burn or scorchSear
57.9%
'Science _____ from poetry.' --Johann Wolfgang von GotheArose
57.5%
Clue Word % Correct
Large, windproof jacketParka
57.4%
Mammal that resembles a large rabbitHare
55.6%
To give a portion of something to anotherShare
55.4%
To partially burnChar
52.6%
Adult, male deerHart
52.2%
To plot a course on a mapChart
51.7%
Physical injuryHarm
50.1%
Group of females sharing a single maleHarem
49.6%
Attractive or alluring characteristicsCharm
48.3%
To examine or analyze minutelyParse
46.3%
Basic monetary unit in the Former YugoslaviaPara
34.4%
#46 in the Pokédex in KantoParas
29.4%

You're not logged in!

Compare scores with friends on all Sporcle quizzes.
Sign Up with Email
OR
Log In

You Might Also Like...

Show Comments

Extras

Top Quizzes Today


Score Distribution

Your Account Isn't Verified!

In order to create a playlist on Sporcle, you need to verify the email address you used during registration. Go to your Sporcle Settings to finish the process.

Report this User

Report this user for behavior that violates our Community Guidelines.

Details: